000 00680nam a2200229Ii 4500
003 JO-AjNU
008 230605s9999||||xx |||||||||||||| ||und||
017 _a1983/2570
020 _a977-02-0413-7
040 _aJO-AjNU
_bara
_erda
_cJO-AjNU
041 _aara
050 1 4 _aPJ6161.D3 1983
100 3 _aضيف، شوقي,
_eauthor
_949160
245 0 0 _aالبلاغة تطور وتاريخ
250 _aط6
264 3 1 _aالقاهرة: دار المعارف،1983
300 _a381ص
336 _atext
_btxt
_2rdacontent
337 _aunmediated
_bn
_2rdamedia
338 _avolume
_bnc
_2rdacarrier
650 4 _aاللغة العربية-بلاغة-تاريخ
_949161
999 _aA21575
_c25143
_d25143